Atmospheric Pollution Prevention Act, 1996 : (Record no. 98957)
[ view plain ]
| 000 -LEADER | |
|---|---|
| fixed length control field | 00628nam a2200193 a 4500 |
| 008 - FIXED-LENGTH DATA ELEMENTS--GENERAL INFORMATION | |
| fixed length control field | |
| 049 ## - LOCAL HOLDINGS (OCLC) | |
| Holding library | MAIN |
| 090 ## - LOCALLY ASSIGNED LC-TYPE CALL NUMBER (OCLC); LOCAL CALL NUMBER (RLIN) | |
| Classification number (OCLC) (R) ; Classification number, CALL (RLIN) (NR) | KTZ489 |
| Local cutter number (OCLC) ; Book number/undivided call number, CALL (RLIN) | ZIM |
| 003 - CONTROL NUMBER IDENTIFIER | |
| control field | |
| 005 - DATE AND TIME OF LATEST TRANSACTION | |
| control field | 20230120153117.0 |
| 040 ## - CATALOGING SOURCE | |
| Transcribing agency | NUST |
| 245 10 - TITLE STATEMENT | |
| Title | Atmospheric Pollution Prevention Act, 1996 : |
| Remainder of title | Chapter 20:03. |
| 246 10 - VARYING FORM OF TITLE | |
| Title proper/short title | Zimbabwe. |
| Remainder of title | Atmospheric Pollution Prevention Act, |
| Designation of section/part/series (SE) [OBSOLETE] | 1996. |
| 260 0# - PUBLICATION, DISTRIBUTION, ETC. | |
| Place of publication, distribution, etc. | Harare : |
| Name of publisher, distributor, etc. | Government Printer, |
| Date of publication, distribution, etc. | 1996. |
| 300 ## - PHYSICAL DESCRIPTION | |
| Extent | 391-399 p. ; |
| Dimensions | 30 cm. |
| 650 ## - SUBJECT ADDED ENTRY--TOPICAL TERM | |
| Topical term or geographic name entry element | Atmospheric Pollution, Prevention |
| Geographic subdivision | Zimbabwe |
| General subdivision | Law and Legislation. |
| 907 ## - LOCAL DATA ELEMENT G, LDG (RLIN) | |
| a | .b10164315 |
| b | 16-02-09 |
| c | 01-06-05 |
| 942 ## - ADDED ENTRY ELEMENTS (KOHA) | |
| Koha item type | Ordinary Loan Books |
| Call number prefix | KTZ489 |
| Call number suffix | ZIM |
| Date last seen | Total Checkouts | Full call number | Barcode | Cost, replacement price | Price effective from | Koha item type | Lost status | Source of classification or shelving scheme | Damaged status | Not for loan | Collection | Withdrawn status | Home library | Current library | Shelving location | Date acquired | Cost, normal purchase price |
|---|---|---|---|---|---|---|---|---|---|---|---|---|---|---|---|---|---|
| 01/20/2023 | 1 | KTZ489 HAR | 92003011076 | 80.00 | 01/20/2023 | BOOKS | LCC | NFIC | MAIN | MAIN | GEN | 01/20/2023 | 80.00 |